<?xml version="1.0" encoding="UTF-8"?>
<record
    xmlns:xsi="http://www.w3.org/2001/XMLSchema-instance"
    xsi:schemaLocation="http://www.loc.gov/MARC21/slim http://www.loc.gov/standards/marcxml/schema/MARC21slim.xsd"
    xmlns="http://www.loc.gov/MARC21/slim">

  <leader>04290nam a2200493 a 4500</leader>
  <controlfield tag="003">CHAP</controlfield>
  <controlfield tag="005">20250207133927.0</controlfield>
  <controlfield tag="007">cr ||||||a|c|a</controlfield>
  <controlfield tag="008">110221s2010    mx      r     00010 spa d</controlfield>
  <datafield tag="035" ind1=" " ind2=" ">
    <subfield code="a">112216</subfield>
  </datafield>
  <datafield tag="040" ind1=" " ind2=" ">
    <subfield code="c">CHAP</subfield>
  </datafield>
  <datafield tag="090" ind1=" " ind2=" ">
    <subfield code="a">Tesis</subfield>
  </datafield>
  <datafield tag="100" ind1="1" ind2=" ">
    <subfield code="a">Dom&#xED;nguez Mart&#xED;nez, Pablo Alfredo.</subfield>
    <subfield code="9">33846</subfield>
  </datafield>
  <datafield tag="245" ind1="1" ind2="0">
    <subfield code="a">Efecto del nivel de concentrado en la raci&#xF3;n y de la calidad del agua de bebida, sobre la producci&#xF3;n y composici&#xF3;n de leche en cabras</subfield>
    <subfield code="c">/por Pablo Alfredo Dom&#xED;nguez Mart&#xED;nez y &#xC1;ngel P&#xE9;rez Gallardo; director de tesis Ignacio Tovar Luna.</subfield>
  </datafield>
  <datafield tag="264" ind1=" " ind2="1">
    <subfield code="a">Chapingo, M&#xE9;x. :</subfield>
    <subfield code="b">El autor,</subfield>
    <subfield code="c">2010.</subfield>
  </datafield>
  <datafield tag="300" ind1=" " ind2=" ">
    <subfield code="a">1 recurso en l&#xED;nea (68 p&#xE1;ginas) :</subfield>
    <subfield code="b">figuras, cuadros.</subfield>
  </datafield>
  <datafield tag="336" ind1=" " ind2=" ">
    <subfield code="2">rdacontent</subfield>
    <subfield code="a">texto</subfield>
    <subfield code="b">txt</subfield>
  </datafield>
  <datafield tag="337" ind1=" " ind2=" ">
    <subfield code="2">rdamedia</subfield>
    <subfield code="a">computadora</subfield>
    <subfield code="b">c</subfield>
  </datafield>
  <datafield tag="338" ind1=" " ind2=" ">
    <subfield code="2">rdacarrier</subfield>
    <subfield code="a">recursos en l&#xED;nea</subfield>
  </datafield>
  <datafield tag="502" ind1=" " ind2=" ">
    <subfield code="b">ISP</subfield>
    <subfield code="c">URUZA</subfield>
    <subfield code="d">2011.</subfield>
    <subfield code="g">LIC</subfield>
  </datafield>
  <datafield tag="520" ind1=" " ind2=" ">
    <subfield code="a">La producci&#xF3;n de leche es afectada por el nivel de concentrado en la raci&#xF3;n, por lo que el objetivo de este estudio fue investigar el efecto del nivel de concentrado en la raci&#xF3;n y dos tipos de agua de bebida, sobre la producci&#xF3;n y composici&#xF3;n de leche en cabras. Veinticuatro cabras, 12 Saanen y 12 Alpino-Franc&#xE9;s, con un PV de 54.1 (&#xB1;6.9 kg) en su segunda mitad de lactancia, se estratificaron por raza y producci&#xF3;n de leche y aleatoriamente se les asign&#xF3; uno de tres niveles de concentrado en la raci&#xF3;n (55, 60 y 65%). Las cabras fueron alojadas en grupos de 3 y 4 animales, teniendo as&#xED; 4 grupos de tres cabras y 3 grupos de cuatro cabras por corral. De los dos grupos que recibieron las dietas 45:55 y 35:65, uno recibi&#xF3; agua de la llave y el otro agua filtrada por osmosis inversa, mientras que los grupos que recibieron la raci&#xF3;n 40:60, dos recibieron agua de la llave y otro agua purificada. Las cabras fueron alimentadas en grupo por 84 d&#xED;as, y adicionalmente, 5 cabras de cada nivel de concentrado (2 con agua de la llave y 3 con agua filtrada) fueron alojadas en jaulas metab&#xF3;licas por 12 d&#xED;as para determinar la digestibilidad de la MS y MO de las raciones. No se detect&#xF3; interacci&#xF3;n (P &gt; 0.05) entre nivel de concentrado y tipo de agua de bebida en ninguna de las variables estudiadas. En la fase de alimentaci&#xF3;n en corral, el peso vivo de las cabras, el consumo de MS y MO, la producci&#xF3;n de leche y el contenido de grasa y prote&#xED;na fue similar (P &gt; 0.05) entre los diferentes niveles de concentrado El contenido de lactosa fue mayor (P &lt; 0.05) en las dietas de 60 y 65% de concentrado. El tipo de agua de bebida no afect&#xF3; (P &gt; 0.05) la producci&#xF3;n ni la composici&#xF3;n de leche, ni el consumo de MS y MO. En la fase de jaulas metab&#xF3;licas, no se detectaron diferencias significativas (P &gt; 0.05) en el consumo y digestibilidad de la MS y MO, producci&#xF3;n y composici&#xF3;n de la leche y consumo de agua entre los niveles de concentrado en la raci&#xF3;n Sin embargo, en esta fase, las cabras que bebieron agua no purificada tendieron a mostrar (P = 0.1) un consumo de MS y MO ligeramente mayor que aquellas con agua purificada, y mayor digestibilidad de la MS y MO (P &lt; 0.05). Niveles de concentrado en la raci&#xF3;n mayores del 55% no afectaron el comportamiento productivo de cabras en lactaci&#xF3;n avanzada sin importar la calidad de agua de bebida.</subfield>
  </datafield>
  <datafield tag="590" ind1=" " ind2=" ">
    <subfield code="a">ALEPH</subfield>
    <subfield code="b">10</subfield>
    <subfield code="c">20130110</subfield>
  </datafield>
  <datafield tag="590" ind1=" " ind2=" ">
    <subfield code="a">BATCH-UPD</subfield>
    <subfield code="b">10</subfield>
    <subfield code="c">20130110</subfield>
  </datafield>
  <datafield tag="590" ind1=" " ind2=" ">
    <subfield code="a">BATCH-UPD</subfield>
    <subfield code="b">10</subfield>
    <subfield code="c">20130410</subfield>
  </datafield>
  <datafield tag="590" ind1=" " ind2=" ">
    <subfield code="a">BATCH-UPD</subfield>
    <subfield code="b">10</subfield>
    <subfield code="c">20130913</subfield>
  </datafield>
  <datafield tag="590" ind1=" " ind2=" ">
    <subfield code="a">BATCH-UPD</subfield>
    <subfield code="b">10</subfield>
    <subfield code="c">20140324</subfield>
  </datafield>
  <datafield tag="590" ind1=" " ind2=" ">
    <subfield code="a">BATCH-UPD</subfield>
    <subfield code="b">10</subfield>
    <subfield code="c">20141002</subfield>
  </datafield>
  <datafield tag="590" ind1=" " ind2=" ">
    <subfield code="a">CONVERSION</subfield>
    <subfield code="b">10</subfield>
    <subfield code="c">20130109</subfield>
  </datafield>
  <datafield tag="650" ind1="1" ind2="4">
    <subfield code="a">Agua</subfield>
    <subfield code="x">Calidad.</subfield>
    <subfield code="9">2316</subfield>
  </datafield>
  <datafield tag="650" ind1="1" ind2="4">
    <subfield code="a">Alimentos balanceados.</subfield>
    <subfield code="9">4301</subfield>
  </datafield>
  <datafield tag="650" ind1="1" ind2="4">
    <subfield code="a">Ganado cabr&#xED;o</subfield>
    <subfield code="x">Alimentaci&#xF3;n.</subfield>
    <subfield code="9">44990</subfield>
  </datafield>
  <datafield tag="650" ind1="1" ind2="4">
    <subfield code="a">Ganado cabr&#xED;o</subfield>
    <subfield code="x">Comarca Lagunera.</subfield>
    <subfield code="9">44998</subfield>
  </datafield>
  <datafield tag="650" ind1="1" ind2="4">
    <subfield code="a">Leche de cabra</subfield>
    <subfield code="x">Mercadeo.</subfield>
    <subfield code="9">65426</subfield>
  </datafield>
  <datafield tag="650" ind1="1" ind2="4">
    <subfield code="a">Leche de cabra</subfield>
    <subfield code="x">Producci&#xF3;n.</subfield>
    <subfield code="9">65427</subfield>
  </datafield>
  <datafield tag="700" ind1="1" ind2=" ">
    <subfield code="a">P&#xE9;rez Gallardo, Angel.</subfield>
    <subfield code="9">89662</subfield>
  </datafield>
  <datafield tag="700" ind1="0" ind2=" ">
    <subfield code="a">Tovar Luna, Ignacio</subfield>
    <subfield code="9">114409</subfield>
    <subfield code="e">Director de tesis.</subfield>
  </datafield>
  <datafield tag="856" ind1=" " ind2=" ">
    <subfield code="u">http://10.13.5.2/tesis/112216.pdf</subfield>
    <subfield code="z">DESCARGAR PDF</subfield>
  </datafield>
  <datafield tag="901" ind1=" " ind2=" ">
    <subfield code="a">BK</subfield>
  </datafield>
  <datafield tag="942" ind1=" " ind2=" ">
    <subfield code="c">TD</subfield>
    <subfield code="2">Clasificaci&#xF3;n Universidad Aut&#xF3;noma Chapingo</subfield>
  </datafield>
  <datafield tag="949" ind1=" " ind2=" ">
    <subfield code="a">Tesis</subfield>
    <subfield code="b">BC</subfield>
    <subfield code="c">TES</subfield>
    <subfield code="d">33724002238199</subfield>
    <subfield code="e">TS1</subfield>
    <subfield code="g">Donaci&#xD8;n</subfield>
    <subfield code="h">51999</subfield>
    <subfield code="i">112216</subfield>
    <subfield code="s">t</subfield>
  </datafield>
  <datafield tag="949" ind1=" " ind2=" ">
    <subfield code="a">Tesis</subfield>
    <subfield code="b">BC</subfield>
    <subfield code="c">TES</subfield>
    <subfield code="d">33724002238231</subfield>
    <subfield code="e">TS2</subfield>
    <subfield code="f">c.2</subfield>
    <subfield code="g">Donaci&#xD8;n</subfield>
    <subfield code="h">52000</subfield>
    <subfield code="i">112216</subfield>
    <subfield code="s">t</subfield>
  </datafield>
  <datafield tag="999" ind1=" " ind2=" ">
    <subfield code="c">100556</subfield>
    <subfield code="d">100556</subfield>
  </datafield>
  <datafield tag="952" ind1=" " ind2=" ">
    <subfield code="0">0</subfield>
    <subfield code="1">0</subfield>
    <subfield code="2">local</subfield>
    <subfield code="4">0</subfield>
    <subfield code="5">1</subfield>
    <subfield code="7">0</subfield>
    <subfield code="8">TesDigL</subfield>
    <subfield code="a">BD</subfield>
    <subfield code="b">BD</subfield>
    <subfield code="c">E_L</subfield>
    <subfield code="d">2019-12-31</subfield>
    <subfield code="l">0</subfield>
    <subfield code="o">Tesis digital</subfield>
    <subfield code="r">2019-12-31 00:00:00</subfield>
    <subfield code="w">2019-12-31</subfield>
    <subfield code="y">TD</subfield>
  </datafield>
</record>
